Dirección médica del parto / (Record no. 60456)

MARC details
000 -LEADER
campo de control de longitud fija 00647nam a2200193 i 4500
001 - NÚMERO DE CONTROL
campo de control 60456
003 - IDENTIFICADOR DE NÚMERO DE CONTROL
campo de control ES-MaACL
005 - FECHA Y HORA DE LA ÚLTIMA TRANSACCIÓN
campo de control 20230906164233.0
007 - CAMPO FIJO DE DESCRIPCIÓN FÍSICA--INFORMACIÓN GENERAL
campo de control de longitud fija t|
008 - DATOS DE LONGITUD FIJA--INFORMACIÓN GENERAL
campo de control de longitud fija 031104s1968 sp ||||1| spa d
100 1# - ENTRADA PRINCIPAL--NOMBRE DE PERSONA
Nombre de persona Esteban-Altirriba, J.
9 (RLIN) 48040
245 10 - MENCIÓN DEL TÍTULO
Título Dirección médica del parto /
Mención de responsabilidad, etc. por Juan Esteban-Altirriba ; presentación, Víctor Cónill Serra ; prólogo, Roberto Caldeyro-Barcia.
250 ## - MENCION DE EDICION
Mención de edición [1ª ed.].
260 ## - PUBLICACIÓN, DISTRIBUCIÓN, ETC.
Lugar de publicación, distribución, etc. Barcelona :
Nombre del editor, distribuidor, etc. Jims,
Fecha de publicación, distribución, etc. [1968]
300 ## - DESCRIPCIÓN FÍSICA
Extensión XXI, 256 p. :
Otras características físicas il. ;
Dimensiones 24 cm.
700 1# - ENTRADA AGREGADA--NOMBRE PERSONAL
Nombre de persona Cónill Serra, Víctor.
9 (RLIN) 40185
700 1# - ENTRADA AGREGADA--NOMBRE PERSONAL
Nombre de persona Caldeyro-Barcia, Roberto.
9 (RLIN) 33641
852 ## - LOCALIZACIÓN
Ubicación ES-MaACL
Número de control de estantería C-34546
Sublocalización o colección R.66277
Holdings
Estatus retirado Estado de pérdida Estado de daño No para préstamo Biblioteca de origen Biblioteca actual Ubicación en estantería Fecha de adquisición Fuente de adquisición Total de préstamos Signatura topográfica completa Código de barras Visto por última vez Precio de reemplazo Tipo de ítem Koha
        Biblioteca del Ateneo de Madrid Biblioteca del Ateneo de Madrid Depósito 2 17/01/2008     C-34546 1063407 23/02/2023 23/02/2023 Libro impreso